Imagine Dragons - Chansons les plus écoutées - Statistiques

Statistiques générales
  • Ce quiz a été pris 458 fois
  • Le résultat moyen est 11 sur 20
Statistiques - réponses
Feat Chanson Vues % Correct
1 Believer 2 639 972 685
88%
3 Radioactive 1 492 154 103
85%
4 Demons 1 133 317 817
79%
2 Thunder 2 124 681 287
77%
11 J.I.D. Enemy 390 646 001
76%
7 Natural 618 610 371
68%
13 Bones 312 256 395
67%
9 Bad Liar 517 630 632
66%
19 Sharks 130 045 411
61%
5 Whatever It Takes 947 395 841
59%
14 Birds 282 535 542
58%
12 On Top of the World 333 038 372
54%
10 Warriors 427 763 524
43%
8 It's Time 578 115 826
42%
6 Lil Wayne, Wiz Khalifa Sucker for Pain 817 206 070
37%
17 Wrecked 152 877 728
37%
16 Next To Me 182 516 609
31%
15 I Bet My Life 207 502 738
23%
20 Walking The Wire 107 050 113
21%
18 Kygo Born To Be Yours 133 553 981
19%
Aucun quiz correspondant
Distribution des résultats
% des personnes avec chaque résultat
Percentile par nombre de réponses
Votre historique - résultats
Vous n’avez pas pris ce quiz